000 00553nam a22001937a 4500
003 OSt
005 20250623063729.0
008 250618b |||||||| |||| 00| 0 eng d
020 _a0-553-35137-0
040 _aDWCL - Main lib
_cOC
082 _aCirc. 305.32 K26f 1991
100 _aKeen, Sam
245 _aFire in the belly:
_bon being a man/
_cSam Keen
260 _aNew York:
_bBantam Books,
_cc1991.
300 _a272 pages;
_c23cm.
504 _aIncludes notes and appendix.
650 _a1. Men - Psychology.
942 _2ddc
_cBK-CIRC
_kCirc.
_n0
999 _c3143
_d3143